000 00636nam a2200241Ia 4500
003 OSt
005 20221007082000.0
006 a|||||r|||| 00| 0
007 ta
008 221006b |||||||| |||| 00| 0 eng d
024 _a32,155
037 _cTextual
040 _aFLL
_cFLL
_beng
041 _2eng
_aeng
082 _aZ8,94y7, L4
100 _aEdwards Eric J.
_9683199
245 0 _aCases on evidence in Australia
250 _a2nd
260 _aSydney
_bThe Law Book Company Limited
_c1974
300 _axxiii,704p
_ccm.
942 _hZ8,94y7, L4
_cTEXL
_2CC
999 _c1164940
_d1164940